000 02104cam a22004334i 4500
003 PE-LiUPU
005 20250731173305.0
008 150616s1921 caua r 000 0 eng d
035 _a(Sirsi) a3661
040 _aPE-LiUPU
_bspa
_cPE-LiUPU
_dPE-LiUPU
_erda
049 _aPRUA
082 0 4 _a270
_bSP4
_221
100 1 _aSpicer, William A.,
_eautor.
245 1 0 _aOur story of missions for colleges & academies /
_cWilliam A. Spicer.
264 1 _aCalifornia :
_bPacific Press Publishing Association,
_c1921.
300 _a372 páginas :
_bilustraciones ;
_c20 centímetros
336 _atext
_2rdacontent
337 _aunmediated
_2rdamedia
338 _avolume
_2rdacarrier
505 0 _aMissionary witness in early old testament times -- The people of Israel as witnesses to the nations -- In new testament times -- Through the centuries to the reformation -- Preparation for the era of missions -- Beginning of the era of modern missions -- Preparation of the way for the Advent Movement and message -- Beginning of seventh-day Adventist missions -- Northern Europe -- In great Britain and Ireland -- In Germany -- Other countries of north central and southeastern europe -- In southern europe -- Russia and Siberia -- The levant -- Africa -- Central America and the Caribbean -- South America -- Australia and New Zealand -- The Islands of the south Pacific -- India, Ceylon, and Burma -- The east Indies-Malaysia -- The Philippine Islands -- China -- In the Japanese Empire.
526 _aSEG42
526 _aSEG41
526 _aSEG40
526 _aSEG39
526 _aP94
526 _aP87
526 _aP86
526 _aP85
526 _aP77
526 _aP76
526 _aP35
650 0 4 _aEducación Adeventista
_xHistoria.
910 _ajck
_bjvq
_cjck
942 _2ddc
_cBOOK
994 _aC0
_bPEPRU
596 _a1
999 _a270 SP4
_wDEWEY
_c44701
_i00299
_f2021-11-12
_g6
_lCCODEBUL1
_mBUL
_p20.00
_r0
_sY
_tBOOK
_u2015-4-23
_xTEOLOGIA
_PP35
_0COMPRA
_o.STAFF. Colección Teología
_d44701
980 _81
_gALBERTO SANCHEZ Responsable de Automatización